000 00481nam a2200157 i 4500
001 83175
003 ES-MaACL
005 20230906174805.0
007 t|
008 041115s1978 sp ||||1| spa d
245 0 0 _aReseña estadística provincial
_b: Cádiz /
_cInstituto Nacional de Estadística.
260 _a[Madrid :
_bs.n.],
_c1978.
300 _aXI, 206 p. ;
_c27 cm.
710 2 _aInstituto Nacional de Estadística (España)
_95162
852 _aES-MaACL
_jA-8384
_bR.98088
999 _c83175
_d83175